Voicing folklore careers, concerns and issues: (Record no. 38220)

MARC details
000 -LEADER
fixed length control field 00743nam a22001937a 4500
005 - DATE AND TIME OF LATEST TRANSACTION
control field 20100730120333.0
010 ## - LCCN (DPL NO)
LC control number ENG-97163
020 ## - INTERNATIONAL STANDARD BOOK NUMBER
International Standard Book Number 8190148125
Terms of availability 400.00
035 ## - SYSTEM CONTROL NUMBER
System control number EN-80696
037 ## - SOURCE OF ACQUISITION
Source of stock number/acquisition DBAD/PUB
082 ## - DEWEY DECIMAL CLASSIFICATION NUMBER
Classification number 398
245 ## - TITLE STATEMENT
Title Voicing folklore careers, concerns and issues:
Remainder of title a collection of interviews /
Statement of responsibility, etc edited by M. D. Muthukumaraswamy
260 ## - PUBLICATION, DISTRIBUTION, ETC. (IMPRINT)
Place of publication, distribution, etc Chennai
Name of publisher, distributor, etc National Folklore Support Centre
Date of publication, distribution, etc 2002
270 ## - ADDRESS
Address 7, 5th Cross Street, Rajalakshmii Nagar, Velachery
City Chennai
Postal code 600042
300 ## - PHYSICAL DESCRIPTION
Extent 257p.
Dimensions 28cm (pbk)
Accompanying material photos
700 ## - ADDED ENTRY--PERSONAL NAME
Personal name Muthukumaraswamy, M. D.
9 (RLIN) 2579
942 ## - ADDED ENTRY ELEMENTS (KOHA)
Source of classification or shelving scheme Dewey Decimal Classification
Item type English Books
Classification part 398
Call number suffix VOI
Holdings
Withdrawn status Lost status Not for loan Collection code Home library Current library Date acquired Source of acquisition Cost, normal purchase price Full call number Barcode Copy number Cost, replacement price Koha item type
    Not For Loan Non-fiction D.B.Act.Division D.B.Act.Division 30/07/2010 DBAD/PUB 400.00 398 VOI EN-80696 1 400.00 English Books

© Delhi Public Library
Hit Counter
free hit counter